000 00953nam a2200301Ia 4500
001 Para_660
003 CHAP
008 220125s1994 xx 000 0 und d
010 _a199420
040 _cCHAP
090 _aPA FOLLETO 3392
100 _aPeraza Medina, Salvador
_9164660
245 _aPlagas del cultivo del maíz en el norte de Sinaloa /
_c por Salvador Peraza Medina y Javier Macias Cervantes
260 _aLos Mochis, Sin. :
_b INIFAP. Campo Experimental Valle del Fuerte
300 _a20 p.
410 _aFolleto técnico; 10
650 _aMaíz
_x Plagas
_971034
650 _aMaíz
_x Sinaloa
_971062
700 _aMacias Cervantes, Javier
_9164661
710 _aINIFAP. México. Campo Experimental Valle del Fuerte
_9164658
901 _aPA FOLLETO 3392
902 _aA
905 _a0000001994 d 0000000000 00
910 _a1994
942 _cPARA
942 _cPARA
_d1
999 _c199420
_d199420